| 000 | 00404nam a22001577a 4500 | ||
|---|---|---|---|
| 003 | NUST - PNEC | ||
| 005 | 20170116181201.0 | ||
| 008 | 151012b xxu||||| |||| 00| 0 eng d | ||
| 020 | _a- | ||
| 040 | _cLIBRARY | ||
| 082 | _a923.153 MOI | ||
| 100 |
_916469 _aMOI (Ministry of information) |
||
| 245 |
_aOman 2002-2003 _cMinistry of information |
||
| 651 |
_914966 _aHistory _xGeneral |
||
| 942 |
_2ddc _cBK |
||
| 999 |
_c71491 _d71491 |
||